00438 a2200145 4500001000700000003000400007005001700011008004100028082001400069100002000083245005200103260004800155300001000203653007900213068811OSt20220319153342.0  a194bR81I1 aRoyle, Nicholas1 aIn memory of Jacques Derridacby Nicholas Royle aEdinburghbEdinburgh university Pressc2009 a192p. aDerrida, Jacques; Influence (Literary, artistic, etc.); Philosophy, French